KOHA-Header-6

Digital Multimedia (Record no. 8549)

000 -LEADER
fixed length control field 00259nam a2200109Ia 4500
100 ## - MAIN ENTRY--AUTHOR NAME
Personal name jenny Chapman
245 #0 - TITLE STATEMENT
Title Digital Multimedia
260 ## - PUBLICATION, DISTRIBUTION, ETC. (IMPRINT)
Place of publication London
Name of publisher World Scientific
Year of publication 2002
300 ## - PHYSICAL DESCRIPTION
Number of Pages 624
942 ## - ADDED ENTRY ELEMENTS (KOHA)
Koha item type Books
Holdings
Withdrawn status Lost status Collection code Permanent Location Current Location Shelving location Date acquired Full call number Accession Number Koha item type
    Computer Languages MAJU MAJU Shelf No.A18 2019-09-14 621.3 3325 Computer Languages

Powered by Koha